00454nam a22001337a 4500003000500000038001800005082000800023100002400031245010100055264003300156650003800189700003500227856005800262NUST aNusrat Nadeem a200 aAli, Muhammad Umais aNational Action Plan as a Tool for State’s Agency over Religious Violence/cMuhammad Umais Ali aIslamabad;bS3H NUST.c2025. aMS- Government and Public Policy  aSupervisor: Dr. Sanaullah Khan u http://10.250.8.41:8080/xmlui/handle/123456789/54273